<?xml version="1.0" encoding="UTF-8"?>
<record
    xmlns:xsi="http://www.w3.org/2001/XMLSchema-instance"
    xsi:schemaLocation="http://www.loc.gov/MARC21/slim http://www.loc.gov/standards/marcxml/schema/MARC21slim.xsd"
    xmlns="http://www.loc.gov/MARC21/slim">

  <leader>01758nam a2200469 i 4500</leader>
  <controlfield tag="001">nkc20253720101</controlfield>
  <controlfield tag="003">CZ PrSKC</controlfield>
  <controlfield tag="005">20260512163624.0</controlfield>
  <controlfield tag="007">ta</controlfield>
  <controlfield tag="008">251112s2025    xr a   a      000 0 cze  </controlfield>
  <datafield tag="020" ind1=" " ind2=" ">
    <subfield code="a">9788076883826</subfield>
  </datafield>
  <datafield tag="040" ind1=" " ind2=" ">
    <subfield code="a">BOA001</subfield>
    <subfield code="b">cze</subfield>
    <subfield code="e">rda</subfield>
  </datafield>
  <datafield tag="072" ind1=" " ind2="7">
    <subfield code="a">656</subfield>
    <subfield code="x">Doprava</subfield>
    <subfield code="2">Konspekt</subfield>
  </datafield>
  <datafield tag="072" ind1=" " ind2="7">
    <subfield code="a">0/9-053.2</subfield>
    <subfield code="x">Literatura pro d&#x11B;ti a ml&#xE1;de&#x17E; (nau&#x10D;n&#xE1;)</subfield>
    <subfield code="2">Konspekt</subfield>
  </datafield>
  <datafield tag="080" ind1=" " ind2=" ">
    <subfield code="a">656</subfield>
    <subfield code="2">MRF</subfield>
  </datafield>
  <datafield tag="080" ind1=" " ind2=" ">
    <subfield code="a">629</subfield>
    <subfield code="2">MRF</subfield>
  </datafield>
  <datafield tag="080" ind1=" " ind2=" ">
    <subfield code="a">(02)004.031.42</subfield>
    <subfield code="2">MRF</subfield>
  </datafield>
  <datafield tag="080" ind1=" " ind2=" ">
    <subfield code="a">(0.025.2)</subfield>
    <subfield code="2">MRF</subfield>
  </datafield>
  <datafield tag="080" ind1=" " ind2=" ">
    <subfield code="a">(0.053.2)</subfield>
    <subfield code="2">MRF</subfield>
  </datafield>
  <datafield tag="100" ind1="0" ind2=" ">
    <subfield code="a">Vhrsti,</subfield>
    <subfield code="d">1975-</subfield>
    <subfield code="4">ill</subfield>
    <subfield code="9">20750</subfield>
  </datafield>
  <datafield tag="245" ind1="1" ind2="0">
    <subfield code="a">Sv&#x11B;t dopravy :</subfield>
    <subfield code="b">interaktivn&#xED; mluvic&#xED; kniha /</subfield>
    <subfield code="c">ilustrace: Vhrsti</subfield>
  </datafield>
  <datafield tag="250" ind1=" " ind2=" ">
    <subfield code="a">1. vyd&#xE1;n&#xED;</subfield>
  </datafield>
  <datafield tag="264" ind1=" " ind2="1">
    <subfield code="a">Praha :</subfield>
    <subfield code="b">Albi,</subfield>
    <subfield code="c">2025</subfield>
  </datafield>
  <datafield tag="300" ind1=" " ind2=" ">
    <subfield code="a">18 ne&#x10D;&#xED;slovan&#xFD;ch stran :</subfield>
    <subfield code="b">barevn&#xE9; ilustrace ;</subfield>
    <subfield code="c">27 cm</subfield>
  </datafield>
  <datafield tag="490" ind1="1" ind2=" ">
    <subfield code="a">Kouzeln&#xE9; &#x10D;ten&#xED;</subfield>
  </datafield>
  <datafield tag="500" ind1=" " ind2=" ">
    <subfield code="a">Bez textu</subfield>
  </datafield>
  <datafield tag="500" ind1=" " ind2=" ">
    <subfield code="a">Kartonov&#xE9; listy</subfield>
  </datafield>
  <datafield tag="500" ind1=" " ind2=" ">
    <subfield code="a">Funguje pouze s elektronickou Albi tu&#x17E;kou, kter&#xE1; nen&#xED; sou&#x10D;&#xE1;st&#xED; publikace</subfield>
  </datafield>
  <datafield tag="520" ind1="2" ind2=" ">
    <subfield code="a">Informace o dopravn&#xED;ch prost&#x159;edc&#xED;ch a stroj&#xED;ch, kter&#xE9; v&#xED;d&#xE1;me ve m&#x11B;st&#x11B;, na leti&#x161;ti, n&#xE1;dra&#x17E;&#xED;, poli, stavb&#x11B; i na vodn&#xED;ch ploch&#xE1;ch &#x10D;i vesm&#xED;rn&#xE9; a jin&#xE9; speci&#xE1;ln&#xED; prost&#x159;edky. Interaktivn&#xED; obr&#xE1;zkov&#xE1; kniha, pro &#x10D;ten&#xED; s elektronickou "mluv&#xED;c&#xED;" tu&#x17E;kou.</subfield>
  </datafield>
  <datafield tag="650" ind1="0" ind2="7">
    <subfield code="a">doprava</subfield>
    <subfield code="2">czenas</subfield>
    <subfield code="9">8762</subfield>
  </datafield>
  <datafield tag="650" ind1="0" ind2="7">
    <subfield code="a">dopravn&#xED; prost&#x159;edky</subfield>
    <subfield code="2">czenas</subfield>
    <subfield code="9">2227</subfield>
  </datafield>
  <datafield tag="650" ind1="0" ind2="9">
    <subfield code="a">transportation</subfield>
    <subfield code="2">eczenas</subfield>
    <subfield code="9">8763</subfield>
  </datafield>
  <datafield tag="650" ind1="0" ind2="9">
    <subfield code="a">means of transportation</subfield>
    <subfield code="2">eczenas</subfield>
    <subfield code="9">2230</subfield>
  </datafield>
  <datafield tag="655" ind1=" " ind2="7">
    <subfield code="a">interaktivn&#xED; mluv&#xED;c&#xED; knihy</subfield>
    <subfield code="9">9294</subfield>
  </datafield>
  <datafield tag="655" ind1=" " ind2="7">
    <subfield code="a">leporela</subfield>
    <subfield code="9">906</subfield>
  </datafield>
  <datafield tag="655" ind1=" " ind2="7">
    <subfield code="a">publikace pro d&#x11B;ti</subfield>
  </datafield>
  <datafield tag="655" ind1=" " ind2="9">
    <subfield code="a">interactive talking books</subfield>
    <subfield code="9">9724</subfield>
  </datafield>
  <datafield tag="655" ind1=" " ind2="9">
    <subfield code="a">folding picture-books</subfield>
    <subfield code="9">7353</subfield>
  </datafield>
  <datafield tag="655" ind1=" " ind2="9">
    <subfield code="a">children's literature</subfield>
  </datafield>
  <datafield tag="910" ind1=" " ind2=" ">
    <subfield code="a">ABG508</subfield>
  </datafield>
  <datafield tag="952" ind1=" " ind2=" ">
    <subfield code="1">0</subfield>
    <subfield code="2">udc</subfield>
    <subfield code="4">0</subfield>
    <subfield code="0"></subfield>
  </datafield>
  <datafield tag="999" ind1=" " ind2=" ">
    <subfield code="c">34272</subfield>
    <subfield code="d">34272</subfield>
  </datafield>
</record>
